[Event "Swidnica"]
[Site "Swidnica"]
[Date "1999.03.28"]
[Round "5"]
[White "Pedzich, Dominik"]
[Black "Rustemov, Alexander"]
[Result "0-1"]
[WhiteElo "2436"]
[BlackElo "2539"]
[Annotator "Psakhis,L"]
[PlyCount "78"]
[EventDate "1999.03.??"]
[Source "ChessBase"]
[SourceDate "1999.08.01"]

1. e4 {King} 1... e6 2. d4 d5 3. Nc3 Bb4 4. e5 c5 5. a3 Bxc3+ 6. bxc3 Ne7 7.
Qg4 O-O 8. Bd3 Qa5 (8... f5 $5) (8... Nbc6 $5 9. Qh5 Ng6) 9. Bd2 9... Nbc6 $5 (
{Black played here generally} 9... f5 {but after} 10. exf6 Rxf6 11. Qh5 Nf5 12.
dxc5 $1 {white chances are better, for example:} 12... Nd7 (12... g6 13. Qg5
Nd7 14. g4 Ng7 15. h4 Qxc5 16. Nh3 d4 17. Qxc5 Nxc5 18. cxd4 Nxd3+ 19. cxd3 $36
{1-0 Kruppa,Y-Baklan,N/Alushta ch-UKR 1994 (43)}) 13. g4 g6 14. Qh3 Ne7 15. Nf3
Qxc5 16. Ng5 Nf8 17. f4 Nc6 18. Qg3 $14 {
1-0 Sakaev,K-Rustemov,A/St.Petersburg 1997/CBM 62 (58)}) 10. Qh5 10... h6 11.
Nf3 {N/} ({Black is OK and after} 11. dxc5 11... b6 $1 12. cxb6 Ba6 13. Qe2
Bxd3 14. cxd3 axb6 15. Nf3 Qc5 16. O-O Rxa3 17. Rxa3 Qxa3 18. Rb1 18... Rb8 $11
{0-1 Shaposhnikov,E-Rustemov,A/St.Petersburg Chigorin 1998 (36)}) 11... c4 12.
Be2 f6 13. exf6 13... Rxf6 14. Ne5 Nxe5 15. Qxe5 Nc6 (15... Qa4 $5) 16. Qe3
16... Qa4 {Queen is the best blocker, of course, but not in this case.} 17. Ra2
Bd7 18. O-O Raf8 (18... Re8 $5) 19. g3 Be8 20. Bg4 Nd8 ({Deserves attention} 
20... Bg6 $5 21. Bxe6+ Kh8 22. Bd7 $8 (22. Bxd5 22... Re8 $19) 22... Bxc2 $15 {
with great position.}) 21. Qe2 21... Bg6 22. Bf4 22... Rxf4 $5 {Interesting,
but not obligatory exchange sacrifice, black has nothing to worry and after
the simple   King: 'A more traditional French exchange sacrifice: the f-pawns
are doubled so White's king finds itself a little exposed.'} (22... Bf5 $5 23.
Be5 R6f7) 23. gxf4 Rxf4 24. Bxe6+ Nxe6 25. Qxe6+ 25... Kh7 {King: 'Again, the
reason the sacrifice works is that Black's position, particularly that of his
king, is so secure. From g6, the bishop controls a crucial diagonal.'} 26. f3
Bxc2 27. Rb2 ({Maybe Pedzich had to play now} 27. Qxd5 $5 27... Qb3 28. Rxc2 (
28. Raa1 Qxc3 29. Qxb7 29... Qe3+ $1 30. Rf2 (30. Kh1 30... Rxf3 $1 31. Rxf3
Be4) 30... Rf6 31. Raf1 31... Bd3 $19) 28... Qxc2 29. Qxc4 {
but any case black keeps initiative after for example} 29... Rf5 $5 30. f4 $8 (
30. Kh1 Rh5 31. Qc7 31... Qe2 $19) 30... Qe4 $36) 27... Rf6 28. Qxd5 Bd3 29.
Re1 (29. Ra1 $5 {was better}) 29... Qxa3 30. Rxb7 Rg6+ 31. Kh1 31... Qxc3 $17
32. Qe5 (32. Rbe7 Rg5 33. Qe6 Qd2 34. Qh3 (34. Rg1 Rxg1+ 35. Kxg1 Qd1+ 36. Qe1
36... Qxf3 $19) 34... c3 $17) 32... Qd2 33. Rg1 Rxg1+ 34. Kxg1 Qd1+ 35. Kf2
Qf1+ 36. Ke3 (36. Kg3 Qg1+ 37. Kh4 37... c3 {'-+' King.} 38. Rc7 38... c2 $19)
36... Qg1+ 37. Kf4 Qxh2+ 38. Ke3 Qg1+ 39. Kf4 c3 0-1

[Event "RUS-chT"]
[Site "St Petersburg"]
[Date "1999.05.23"]
[Round "8"]
[White "Ionov, Sergey"]
[Black "Sergienko, Sergey"]
[Result "0-1"]
[WhiteElo "2551"]
[BlackElo "2387"]
[Annotator "Psakhis,L"]
[PlyCount "92"]
[EventDate "1999.05.??"]
[Source "ChessBase"]
[SourceDate "1999.08.01"]

1. e4 e6 2. d4 d5 3. Nc3 Bb4 4. e5 c5 5. a3 Bxc3+ 6. bxc3 Ne7 7. Qg4 O-O 8. Bd3
8... Nbc6 $5 9. Qh5 Ng6 10. Nf3 Qc7 11. Be3 c4 ({
Good alternative to the move in the game could be} 11... Nce7 $5 {
with possible continuation} 12. dxc5 b6 13. O-O bxc5 14. Ng5 h6 15. Nf3 f5 16.
exf6 16... Rxf6 $11 {0-1 Gutov,A-Ivanov,S/RUS t-ch St.Petersburg 1999 (34)})
12. Bxg6 12... fxg6 13. Qg4 13... Bd7 $5 {Black tryed also} (13... Qf7 {
but after} 14. Ng5 Qe8 15. h4 h6 16. Nh3 16... b5 17. h5 $5 17... gxh5 18. Qe2
a5 19. Nf4 g6 20. g4 $40 {
1-0 Svidler,P-Bareev,E/Elista 1997/CBM 59 (33) White got strong attack}) 14. h4
Rf5 15. h5 (15. Ng5 Qa5 16. Bd2 Raf8 17. O-O Nd8 18. Qe2 Ba4 19. Rac1 Re8 20.
g4 Rff8 21. Kg2 21... Nf7 $11 { -  Kovacevic,A-Sparic,N/YUG t-ch 1994 (29)})
15... gxh5 16. Rxh5 Rxh5 ({Deserves attention} 16... Raf8 {and after careless}
17. Rh6 $2 (17. Kd2 Be8 18. Rh4 Bg6) 17... Be8 $1 18. Rxe6 $2 {
Black won immediately} 18... Bh5 19. Qh4 Bxf3 20. gxf3 Qf7 21. Rd6 21... Rh5
$19 {0-1 Kekelidze,M-Hertneck,G/BL2 1997 (29)}) 17. Qxh5 Rf8 18. Qh3 $5 {N/} ({
In the case of} 18. Kd2 18... Be8 19. Qg4 Qe7 20. Rh1 20... Bg6 {
-  Heer,B-Kipper,J/Crailsheimer op 1998 (67) I would prefer black position.})
18... Rxf3 $1 {Very interesting positional exchange sacrifice! Black will
transfere bishop on g6, white pawns on the queen side are week, and it is not
clearly how White can use rook for active plan.} 19. Qxf3 (19. gxf3 $6 19...
Qc8 20. Kd2 Be8 21. Rh1 21... Bg6) 19... Be8 20. Qh3 Qd7 21. a4 Bg6 22. Kd1 Na5
23. Bc1 23... Bf5 24. Qh4 (24. g4 $5 24... Be4 25. f3 Bg6 26. Qh4) 24... h6 25.
f3 Kh7 26. Ra2 Qe8 27. Ba3 $5 (27. g4 Bg6) 27... Qg6 ({After} 27... Qxa4 28.
Qe7 {is very strong}) 28. Qf2 $6 ({It is not easy to believe, but after} 28. g4
$6 28... Bxc2+ $1 29. Rxc2 Qd3+ 30. Rd2 (30. Kc1 $2 30... Qf1+ $1 (30... Nb3+
31. Kb1 Qd1+ 32. Bc1 Nxc1 33. Rxc1 33... Qb3+ $11) 31. Kd2 (31. Kb2 31... Nb3)
31... Nb3+ 32. Ke3 32... Qd3+ $19) 30... Qxc3 {
Black has more then enough compensation for the rook!}) ({Deserves attention} 
28. Bb4 {with big and unclear complications after} 28... Qxg2 (28... Nc6 29. g4
) 29. Bxa5 Qxf3+ 30. Kc1 (30. Ke1 $2 30... Bg4 $19) 30... Qf1+ 31. Kb2 Qe2 32.
Qh1 (32. Kc1 $11) (32. Ka3 b6 33. Bb4 33... Qd1 $44) 32... b6 $1 33. Bb4 a5 34.
Ba3 (34. Bf8 Qxc2+ 35. Ka1 Qxc3+ 36. Rb2 36... Qxd4 $19) 34... Qxc2+ 35. Ka1
Qxc3+ 36. Bb2 {but, maybe, white chances are better now.}) 28... Qh5 $1 29. Bb4
Nc6 30. Qe1 Qh2 31. Qf1 (31. g4 31... Bd3 $5) 31... h5 $1 32. Ba3 h4 33. Kc1 $6
(33. Rb2 b6) (33. Bc1 $5 33... h3 $140 34. gxh3 Bxh3 35. Bf4 $1) 33... Qf4+ 34.
Kb1 $2 (34. Kd1 $8) (34. Kb2 Qd2) 34... Qd2 35. Qh1 35... h3 $1 36. gxh3 (36.
g4 36... Qg2 $19) 36... Qxc3 37. Bc5 b6 38. Bd6 38... Nxd4 $19 39. Qd1 39...
Qb3+ $1 40. Rb2 Bxc2+ 41. Qxc2+ Nxc2 42. Rxb3 cxb3 43. Kb2 Nd4 44. Kc3 Kg6 45.
Bb8 Nc6 46. Bd6 46... Kf5 {Good positional game} (46... Kf5 47. Kxb3 Kf4) 0-1

[Event "Dortmund Master"]
[Site "Dortmund"]
[Date "1999.07.16"]
[Round "8"]
[White "Schmittdiel, Eckhard"]
[Black "Feygin, Michael"]
[Result "1-0"]
[WhiteElo "2505"]
[BlackElo "2500"]
[Annotator "Psakhis,L"]
[PlyCount "81"]
[EventDate "1999.07.09"]
[Source "ChessBase"]
[SourceDate "1999.10.01"]

1. e4 e6 2. d4 d5 3. Nc3 Bb4 4. e5 c5 5. a3 Bxc3+ 6. bxc3 Qc7 7. Nf3 (7. Qg4 {
Another strong move}) 7... b6 8. a4 Ne7 9. Bb5+ Bd7 10. O-O Nbc6 11. dxc5 ({
Black has nothing to worry about after} 11. Ba3 11... Na5 12. Bxd7+ 12... Qxd7
$1 (12... Kxd7 13. Ng5 Raf8 14. dxc5 bxc5 15. Ne4 c4 16. Bd6 Qc6 17. Nc5+ Ke8
18. Rb1 Nc8 19. Rb5 Nxd6 20. exd6 Qxd6 21. Rxa5 a6 22. Qb1 Ke7 23. Qb7+ Kf6 24.
Nd7+ {1-0 Bronstein,L-Palmisano,J/Pico Sity op 1996 (24)}) 13. dxc5 13... Nc4 {
for example} 14. cxb6 axb6 15. Bxe7 Qxe7 16. Nd2 Nxe5 17. Qe2 Qd6 18. Qb5+ Nd7
19. c4 O-O 20. cxd5 Ra5 21. Nc4 Rxb5 22. Nxd6 Rxd5 23. Rfd1 Rxd1+ 24. Rxd1 Nc5
25. Nc4 25... Nxa4 {Cseshkovsky,V-Gulko,B/USSR-ch Moscow 1976/0-1 (38)}) 11...
bxc5 12. Ba3 $146 {New move} (12. c4 a6 13. cxd5 axb5 14. d6 Qc8 15. dxe7 Nxe7
16. Ng5 Bc6 17. Qh5 Ng6 18. f4 Qd7 19. Rd1 Qe7 20. Rd6 Bd5 21. f5 Nxe5 22. Bf4
g6 23. Qe2 Nc4 24. Ne4 Bxe4 25. Qxe4 O-O 26. Rdd1 26... Qf6 {
Mokry,K-Mohr,S/Gausdal op 1989/ -  (48)}) 12... Na5 13. Qd3 13... Rc8 $6 {
Possible move, but easy  was castle} (13... O-O $1 {and in case of} 14. Bxd7 (
14. Bxc5 Qxc5 15. Bxd7 15... Ng6 $44) 14... Qxd7 15. Bxc5 15... Rfc8 $44 {
Black have great compensation for the pawn}) 14. Rfb1 O-O (14... c4 15. Qd2)
15. Bxc5 $1 15... Qxc5 ({After} 15... Bxb5 $6 16. Rxb5 16... Rfe8 17. Bd6 {
white,s advantage is obvious, for example} 17... Qd8 $140 18. Bxe7 Rxe7 19. Ng5
f5 20. exf6 gxf6 21. Nxe6 $1 21... Rxe6 22. Rxd5 Qe8 (22... Qb6 23. Rd7 $18) (
22... Qc7 23. Rd7) 23. Rxa5 $18) 16. Bxd7 Rb8 (16... Rc7 17. Rb5) 17. Rb5 Rxb5
(17... Qc7 18. Ng5 Ng6 19. Bxe6 $1 19... fxe6 20. Nxe6 $18) 18. axb5 {
It looks that white has huge advantage, but in everything is not so simple}
18... Qb6 19. Qd4 Rd8 20. Qb4 (20. Qxb6 $2 $143 20... axb6) 20... Rxd7 21. Rxa5
Qb8 ({Feigin missed great opportunity to get level game. Instead of boring
move in the text he could continue} 21... d4 $1 {
and black compleately out of danger, for example} 22. Ra1 (22. Nxd4 $2 22...
Nc6 $3 $19) (22. cxd4 $2 22... Nc6) (22. c4 Nc6 23. bxc6 Qxb4 24. Rb5 Qxb5 25.
cxb5 25... Rd5 $19) (22. Ra6 22... dxc3 $1 $13) 22... dxc3 23. Qxc3 23... Qxb5
$11) 22. g3 h6 23. Qa3 Ng6 24. Qa4 Rb7 (24... Nxe5 $143 25. Nxe5 Qxe5 26. b6 $1
26... Rd8 27. bxa7 Ra8 28. Qc6 Qe1+ 29. Kg2 Qe4+ 30. Kf1 Qc4+ 31. Qxc4 dxc4 32.
Ke2 Kf8 33. Ke3 Ke7 34. Kd4 $18) 25. b6 $1 25... Rxb6 26. Rxa7 26... Qd8 {
Feigin decided to continue game with queens on the board,} (26... Nxe5 27. Ra8
(27. Nxe5 Qxe5 28. Qe8+ Kh7 29. Qxf7 29... Qxc3 $11) 27... Nxf3+ 28. Kg2 Ne5
29. Qa7 $18) ({I would prefer} 26... Rb1+ $5 27. Kg2 Qb5 28. Qxb5 28... Rxb5 {
and after} 29. Ra8+ (29. h4 Rc5 30. h5 Nf8 31. Ra3 Nd7) 29... Kh7 (29... Nf8
30. Rc8 (30. c4 $5 30... dxc4 31. Rc8) 30... Rb2 31. Nd4 $16) 30. h4 Rc5 31. h5
Ne7 32. Nd4 $14 {I think Black have good chances to level game.}) 27. h4 $1 $36
27... Rb8 28. h5 Nf8 (28... Ne7 29. Nd4 Nc8 30. Nc6 $40) 29. Qf4 Qe8 30. c4 Ra8
(30... Rb4 31. Nd2) 31. Rc7 Rc8 32. Rxc8 Qxc8 33. cxd5 exd5 34. Nd4 34... Qc3 (
34... Ne6 $5) 35. Nf5 35... Ne6 $1 (35... Qe1+ 36. Kg2 Ne6 37. Qf3) 36. Qa4 (
36. Qg4 $5 {was interesting alternative.}) 36... Kh7 37. Ne7 37... Qxe5 $2 {
Final mistake.I even can,t imagine, what Feigin missed in his calculations.
Instead move in th text he couldcontinue} (37... Nd4 $1 38. Qe8 Qe1+ 39. Kg2
39... Qe4+ $11 {with draw.}) 38. Qe8 $18 38... Qe1+ 39. Kg2 Nf4+ 40. gxf4 Qe4+
41. Kg3 1-0

[Event "MK Cafe Cup-A"]
[Site "Koszalin"]
[Date "1999.08.04"]
[Round "2"]
[White "Hracek, Zbynek"]
[Black "Socko, Monika"]
[Result "0-1"]
[WhiteElo "2629"]
[BlackElo "2438"]
[Annotator "Psakhis,L"]
[PlyCount "76"]
[EventDate "1999.08.03"]
[Source "ChessBase"]
[SourceDate "1999.12.01"]

1. e4 e6 2. d4 d5 3. Nc3 Bb4 4. e5 c5 5. a3 Bxc3+ 6. bxc3 Ne7 7. Qg4 7... Kf8
$5 {Risky, but interesting move, became very popular  in the end of 80 ties.It
is still not clear how White can get real advantage, and Black could be
satisfied with results in practical games.  } 8. h4 {
Most direct and dangerous for black move.} 8... Qa5 (8... Qc7 $5 9. Qd1 b6 10.
h5 h6 11. Rh3 Ba6 12. Bxa6 Nxa6 13. Qd3 Nb8 14. a4 Nbc6 15. Ba3 Na5 16. Ne2
16... Nc4 $13 {1-0 Saulin,D-Mkrtchian,L/Moscow-3A 1996 (37)}) 9. Bd2 Qa4 10.
Rh3 (10. h5 h6 11. Kd1 b6 12. Nf3 Ba6 13. Bxa6 Nxa6 14. Qf4 Rc8 15. g4 Ke8 16.
g5 cxd4 17. gxh6 gxh6 18. Nxd4 Nc5 19. Qf6 19... Rg8 $132 {
0-1 Drei,A-Lputian,S/Reggio Emilia 1998/CBM 69 (34)}) 10... Nbc6 11. h5 h6 12.
Qf4 12... Bd7 $5 ({White keeps some initiative after} 12... b6 13. Rf3 Nd8 14.
dxc5 Qxf4 15. Rxf4 bxc5 16. Be3 c4 17. Rb1 Ndc6 18. Nf3 18... g5 $1 19. hxg6
Nxg6 20. Rg4 Kg7 21. Nh4 $14 { -  Atlas,V-Psakhis,L/Geneve 1992 (24)}) 13. Rf3
Be8 14. Rb1 $146 (14. g4 cxd4 15. Bd3 b5 16. cxd4 Nxd4 17. Rg3 17... a5 $5 18.
Ne2 Nxc2+ 19. Bxc2 Qxc2 20. Re3 Nc6 21. Qf3 Qc5 22. Nf4 $2 (22. Rc1 $1 22...
Qe7) 22... Nd4 23. Qd1 23... Nc2+ $19 {
0-1 Bobarykin,D-Nikitin,A/RUS-sf Novosibirsk 1998 (28)}) 14... b6 15. g4 {
Hracek believes in whites attacking chances and
want to exchange queens-} (15.
dxc5 Qxf4 16. Bxf4 16... bxc5 $13 {with unclear position.}) 15... Qxc2 16. Bd3
Qa4 17. g5 (17. Bg6 $2 17... Nxg6 18. hxg6 18... Qc2 $19) 17... c4 18. Be2 Qc2
({Black could take and second pawn, deserves attention and} 18... Qxa3 $5) (
18... Nf5 $5) 19. Rc1 hxg5 20. Qxg5 (20. Qxf7+ Bxf7 21. Rxc2 21... g4 $1 22.
Rf4 Kg8 23. Bxg4 Nd8 24. h6 24... Bg6 $1 {leeds to clear advantage of black})
20... Qh7 21. Rh3 21... Ng8 (21... Nf5 22. Bd1 $1) 22. Nf3 f6 23. exf6 gxf6 24.
Qf4 Ke7 25. Qc7+ Kf8 (25... Bd7 26. Nh4 $40) 26. Qf4 Ke7 27. Nh4 (27. h6 $5) ({
It looks that repetion of the moves} 27. Qc7+ {was the best solution.}) 27...
Kd7 28. Bg4 Nge7 (28... Nh6 $5 29. Ng6 $2 $140 29... Bxg6 30. hxg6 Qxg6 31.
Rxh6 Rxh6 32. Qxh6 32... Qxg4 $17) 29. Qxf6 $2 ({After} 29. h6 $5 {or}) (29.
Ng2 $5 {
result of the game was compleatly unclear, but Hracek makes terrible blunder})
29... Qe4+ 30. Re3 ({What else-} 30. Be2 30... Bxh5 31. Re3 (31. f3 31... Bxf3
$1 32. Qxf3 32... Rxh4 $19) 31... Raf8 $5 (31... Qh1+ 32. Bf1 Bg4) 32. Qg5
32... Qh7 $1 $19 {lose as well.}) 30... Qxg4 $19 31. f3 (31. Qxh8 31... Bxh5
$19) 31... Qg8 $5 32. Kf2 32... Rxh5 $19 33. Qf4 Ng6 34. Nxg6 Bxg6 35. Rg1 Qf7
36. Ree1 Qxf4 37. Bxf4 Rg8 38. Rg4 Ne7 0-1

[Event "Bundesliga 9900"]
[Site "Germany"]
[Date "2000.03.12"]
[Round "12.4"]
[White "David, Alberto"]
[Black "Enders, Peter"]
[Result "0-1"]
[WhiteElo "2520"]
[BlackElo "2478"]
[Annotator "Psakhis,L"]
[PlyCount "68"]
[EventDate "1999.10.09"]
[Source "ChessBase"]
[SourceDate "2000.05.31"]

1. e4 e6 2. d4 d5 3. Nc3 Bb4 4. e5 Ne7 5. a3 Bxc3+ 6. bxc3 c5 7. Qg4 O-O 8. Bd3
Nbc6 9. Qh5 Ng6 10. Nf3 10... Qc7 11. Be3 (11. Ng5 h6 12. Nxf7 Qxf7 13. Qxg6
Qxg6 14. Bxg6 cxd4 15. cxd4 Nxd4 16. Be3 Nc6 17. f4 b6 18. Bd3 18... Nb8 $5 19.
a4 Ba6 20. a5 bxa5 21. Bxa6 Nxa6 22. O-O 22... Nb4 $13 {
0-1 Gritsaenko,V-Khlusevich,S/corr 1997 (52)}) (11. h4 $5 {
leads to wild complications-} 11... c4 12. Ng5 h6 13. Bxg6 fxg6 14. Qxg6 hxg5
15. hxg5 Nxe5 16. Qh5 Rf5 17. Qe8+ {
-  Skorchenko,D-Potkin,V/RUS-ch B20 Ufa 2000 (17)}) 11... c4 12. Bxg6 fxg6 13.
Qg4 13... Bd7 ({Also possible} 13... Qf7 14. Ng5 Qe8 15. h4 h6 16. Nh3 Bd7 17.
Nf4 Ne7 18. Qe2 b5 19. g4 a5 20. h5 g5 21. Nh3 21... b4 {
-  Balogh,C-Almasi,I/Budapest-4 GM 2000/ (42) with interesting possibilities.})
14. h4 Rf5 15. Ng5 ({I am doubt if White can get real advantage after} 15. h5
$5 15... gxh5 16. Rxh5 Rxh5 (16... Raf8 17. Ng5 Qa5 18. Bd2 Rf4 19. Qh3 Rxf2
20. Nf3 Rxd2 21. Kxd2 h6 22. Qg4 $16 {
Ivanchuk,V-Lutz,C/Muenchen 1994/Inf 60/[Ivanchuk,V]/1-0 (41)}) 17. Qxh5 Rf8 18.
Qh3 18... Rxf3 $5 19. Qxf3 19... Be8 {for example} 20. Qh3 Qd7 21. a4 Bg6 22.
Kd1 Na5 23. Bc1 Bf5 24. Qh4 h6 25. f3 Kh7 26. Ra2 26... Qe8 $44 {
Ionov,S-Sergienko,S/RUS t-ch St.Petersburg 1999 /0-1 (46)}) 15... Raf8 16. Qe2
$146 (16. h5 Qa5 17. Bd2 h6 18. Nh3 gxh5 19. Qg3 Kh7 20. Rb1 b5 21. Kd1 Qxa3
22. Nf4 Rxf4 23. Bxf4 Rxf4 24. Qxf4 Qxc3 25. Rh3 Qxd4+ 26. Qxd4 26... Nxd4 $132
{ -  Lingnau,C-Kipper,J/BL2-W 1998 (31)}) 16... h6 17. Nh3 17... Qd8 $1 18. g3
18... b5 {Black prepares counterattack on the queen's side} 19. Qd2 Qe7 20. Ke2
(20. Nf4 $5 20... Qf7 $13 (20... Kh7 21. g4 $1)) 20... a5 21. Rh2 Rb8 22. g4 (
22. Nf4 Be8) 22... Rff8 23. Nf4 Be8 24. h5 g5 25. Nh3 25... b4 26. f4 $6 ({
Even after correct} 26. axb4 26... axb4 27. cxb4 27... Nxb4 $15 {
black's chances are better}) 26... gxf4 27. Nxf4 Qg5 28. Kf3 $8 {What else?} (
28. Rg1 bxc3 29. Nxe6 (29. Qxc3 29... Rxf4 $19) (29. Qc1 29... Nxd4+ $1 30.
Bxd4 Rxf4 31. Bxc3 31... d4 $19) 29... Qe7 30. Qxc3 30... Qxe6 $19 {
lose immediately}) 28... bxc3 29. Qxc3 29... Ne7 $1 {
Nice and very cunning move!} 30. Rg1 (30. Qxa5 $142 {Was better try but after}
30... Bg6 $3 {White needs good advice, for example} 31. hxg6 Nxg6 32. Qd2 32...
c3 $1 33. Qc1 33... Rxf4+ $1 34. Bxf4 Rf8 35. Kg3 Rxf4 36. Qd1 36... Re4 $17)
30... Bg6 $3 {Great move! Black bishop comes into the game and White just
can't protect king from numerous dangers.} 31. Ke2 (31. hxg6 Nxg6 32. Rh5 Rxf4+
33. Bxf4 Qxf4+ 34. Ke2 Qe4+ 35. Kd2 Rf8 36. Rh3 (36. Qe3 36... c3+ $1 37. Qxc3
Rf3 38. Qc8+ 38... Nf8 $19) (36. Kc1 36... Nf4) 36... Rf2+ 37. Kd1 37... Nf4
$19) 31... Rxf4 32. hxg6 Re4 33. Kd2 33... Qxg6 34. Qxa5 $6 34... Rxe3 $1 (
34... Rxe3 35. Kxe3 Qe4+ 36. Kd2 Qf4+) 0-1

[Event "Monarch Assurance 08th"]
[Site "Port Erin"]
[Date "1999.11.08"]
[Round "3"]
[White "Short, Nigel D"]
[Black "Psakhis, Lev"]
[Result "1-0"]
[WhiteElo "2675"]
[BlackElo "2581"]
[Annotator "Psakhis,L"]
[PlyCount "83"]
[EventDate "1999.11.06"]
[Source "ChessBase"]
[SourceDate "2000.02.01"]

1. e4 e6 2. d4 d5 3. Nc3 Bb4 4. e5 Ne7 5. a3 Bxc3+ 6. bxc3 c5 7. h4 {This move 
was a surprise for me-Nigel never used this active and dangerous continuation
in his practice} 7... Nbc6 ({Just one round ago I played} 7... Qc7 $5) 8. h5
Qa5 9. Bd2 Bd7 (9... cxd4 10. cxd4 10... Qa4 {
Could be reasonable alternative for black, for example} 11. Nf3 Nxd4 12. Bd3
Nec6 13. Kf1 Nf5 14. Kg1 Qg4 15. Qe2 f6 16. h6 fxe5 17. hxg7 Rg8 18. Rxh7 18...
e4 $132 {Fedorov,A-Gulko,B, Wch Las Vegas 1999}) 10. h6 gxh6 (10... g6 $2) 11.
Nf3 11... O-O-O {Interesting position.White got some achivements on the king,s
side, but Black keeps good chances for counterplay} 12. Bd3 (12. a4 12... Rdg8
$5 (12... Ng8 13. Bb5 Nce7 14. dxc5 a6 15. c4 Qc7 16. cxd5 Nxd5 17. c4 Nde7 18.
Bxd7+ Rxd7 19. Qb3 Nf5 20. Qb6 Nge7 21. Bxh6 Qc6 22. Qxc6+ Nxc6 23. Rd1 $14 {
Drimer-Uhlmann,W/Raach 1969 (23)}) 13. g3 Rg4 14. Bd3 Qc7 15. Nh2 Rgg8 16. Nf3
16... Rg4 $132 {0-1 Mainka,R-Uhlmann,W/Baden Baden-B 1992 (29)}) 12... c4 $5 ({
Black could play also} 12... Rhg8 13. Kf1 Nf5 14. Bxf5 exf5 15. Rxh6 Rg4 16.
Nh2 Qb5+ 17. Kg1 Re4 18. Rb1 Qc4 19. Bg5 Rg8 20. Qh5 Qa2 21. Rf1 Rg6 22. Rxh7
Be6 23. Nf3 23... Rg4 { -  Hall,J-Karlsson,L/Malmoe 1999 (51) but I prefe
rmove, which was made in the game}) 13. Be2 Ng8 14. Kf1 f6 15. Qe1 fxe5 16.
Nxe5 $6 $146 {New and not the best move.} (16. dxe5 $5 {
was better alternative, but black is OK after} 16... Rf8 17. g3 17... Qc7 $1 {
improvment compare to} (17... Be8 $2 18. Nd4 Nd8 19. Bg4 Bd7 20. Kg2 Nc6 21.
Bxe6 Bxe6 22. Nxe6 Re8 23. Nd4 Qa4 24. Bf4 24... Nge7 {
1-0 Tischbierek,R-Uhlmann,W/Baden Baden-B 1992/ (35)}) 18. Bf4 Nce7 19. Nd4
19... Ng6 $13) 16... Nxe5 17. dxe5 17... Ne7 (17... Ba4 18. Bg4 (18. Ra2) 18...
Bxc2 19. Bxe6+ Kb8 20. Be3 $13) 18. Bxh6 (18. Rxh6 18... Rdg8 $36) 18... Rhg8
$1 19. Bf3 (19. Qd2 Nf5 20. Bg5 Rxg5 21. Qxg5 21... Qxc3 $44) 19... Be8 $1 20.
a4 20... Bg6 $17 {It is easy to see, that Black seize initiative} 21. Ra2 Rd7 (
{Deserves attention} 21... Be4 $5 {Black could use this idea and in future.})
22. Bc1 Nc6 (22... Be4 $5 23. Bxe4 dxe4) 23. Ba3 23... Qxa4 {To be honest, I
was sure in this moment, that game is over-Black have material and positional
advantage, and Short had big problems with clock already.} (23... Be4) 24. Rh6
$1 $138 {Best try, I waited} (24. Qb1 24... Qb3 $1 $19 (24... Nxe5 $5)) ({or} 
24. Bg4 24... Re8 (24... Nd8 $5)) 24... Qa5 (24... Rf7 25. Bg4 Nd8) (24... Bxc2
$5 {was good alternative, for example} 25. Rxe6 25... Be4 $1 26. Bxe4 (26. Qe3
Qb3 (26... Bxf3 $5 27. Qxf3 d4) 27. Ra1 Bd3+ 28. Kg1 28... Qxc3 $19) 26... dxe4
27. Ra1 (27. Qxe4 Qd1+ 28. Qe1 Qd5 29. Rxc6+ 29... Qxc6 $19) 27... Qc2 28. Kg1
(28. Bd6 Qd3+ 29. Qe2 (29. Kg1 29... Rxg2+ $1 30. Kxg2 Qf3+ 31. Kh2 Qh5+ 32.
Kg1 Rg7+ 33. Kf1 33... Qh3+ $19) 29... Qxc3 $19) 28... e3 $5 29. Qxe3 Rd1+ 30.
Rxd1 Qxd1+ 31. Kh2 Rxg2+ 32. Kxg2 Qg4+ 33. Qg3 33... Qxe6 $17) 25. Bg4 Re8 26.
Ra1 Qa4 (26... d4 $5 $19 27. Bf3 $140 27... Nxe5) 27. Qc1 Qa5 (27... Nxe5 28.
Bd6 Qxa1 29. Qxa1 Nxg4 (29... Rxd6 30. Bh5 $1) 30. Rxg6 hxg6 31. Qa3) 28. Qe1
28... Rf7 $138 29. Be7 29... Rfxe7 $4 {Terrible mistake, I had to play} (29...
Rxf2+ $1 {but after} 30. Kg1 $1 {I didn,t found} (30. Kxf2 Qb6+ 31. Qe3 Qxe3+
32. Kxe3 Rxe7 33. Kf4 33... Kd7 $19) 30... Re2 $3 31. Bxe2 (31. Bxe6+ Kb8 32.
Bd6+ Ka8 33. Qd1 33... Qxc3 $19) 31... Qb6+ 32. Kh1 32... Rxe7 $17) 30. Rxa5
Nxa5 31. Qd2 31... Nc6 $4 {Final zeitnot mistake.} (31... Kc7 $1 $13 {
leads to unclear position.}) 32. Qxd5 $18 {Now Black is lost} 32... Kb8 33.
Qxc4 Rc7 34. Qf4 Ne7 35. Bxe6 Nc6 36. Bd5 Nxe5 37. c4 a6 38. Rh3 Bxc2 39. Re3
Rce7 40. Kg1 Ka8 41. c5 Bg6 42. Qf6 1-0